Word Ladder: 40 Rungs to a Better You! Quiz Stats

 Plays Quiz Updated Jun 11, 2018

Challenge
Share
Tweet
Embed
Score 0/40 Timer 04:00
2 Plays Today
Hint 4-Letter Word % Correct
★ Can't see your ____ when you look down ? ★FEET
95.4%
Noteworthy accomplishmentFEAT
92.9%
★ Maybe ____ some weights. ★LIFT
91.8%
Belly button fuzzLINT
90.2%
★ Wishing you had a firm, ____ tummy? ★FLAT
89.1%
Small, greenish Grand Jedi Master YODA
87.8%
★ Maybe try ____ for stretching. ★YOGA
86.6%
Loose flowing outer garment of ancient RomeTOGA
86.5%
Actor's part in a playROLE
86%
System of letters used in secret mesagesCODE
85.5%
Ingredient in insect repellentDEET
85.1%
★ To ____ those unwanted pounds . . . ★LOSE
83.7%
Concluding passage of a piece of musicCODA
82%
Serious break in friendly relationsRIFT
81.7%
Flat buoyant structure; floating platformRAFT
80.8%
★ Start with a proper ____. ★DIET
78.6%
Impression or hollow in a surfaceDINT
78.3%
Small, hard, benign viral skin growth WART
78.2%
Fork prongTINE
78.1%
Mountain topPEAK
78.1%
Hint 4-Letter Word % Correct
Choose from a number of alternativesPICK
76.7%
Of birds, to strike with the beakPECK
76.2%
Make oneself snug, comfortableCOSE
75.5%
★ . . . before every ____out. ★WORK
74.4%
★ Feeling sad because you've got too much ____? ★FLAB
73.8%
Pass gently as if through the airWAFT
73.6%
★ . . . you might try skipping ____. ★ROPE
73.5%
★ . . . with some cardio ____boxing. ★KICK
72.3%
Run with a long bounding strideLOPE
70.6%
★ But be sure to ____ up . . . ★WARM
69%
Malware computer program WORM
67.1%
★ You can really ____ up those abs . . . ★TONE
66.5%
Intentionally disclose secret informationLEAK
65.6%
Enameled or lacquered tinplate TOLE
63.1%
The Monkees' Peter TORK
59.8%
★ It worked! Congratulations on a new ____ you! ★LEAN
58%
Articles of clothing and accessories TOGS
57.5%
Dave or Ray Davies KINK
50.9%
Rocky hillsTORS
50%
Cows collectivelyKINE
49.9%

Today's Daily Dose

Missing Word
Witch Songs

Word Ladder
Alabama

Quick Pick
Fanta Flavors

On This Day
October 15th II

You're not logged in!

Compare scores with friends on all Sporcle quizzes.
Join for Free
OR
Log In

You Might Also Like...

Show Comments

Extras

Top Quizzes Today


Score Distribution

Your Account Isn't Verified!

In order to create a playlist on Sporcle, you need to verify the email address you used during registration. Go to your Sporcle Settings to finish the process.

Report this User

Report this user for behavior that violates our Community Guidelines.

Details: